| 000 | 00387nam a2200145Ia 4500 | ||
|---|---|---|---|
| 005 | 20250729165748.0 | ||
| 008 | 250729s1996 xx 000 0 und d | ||
| 041 | _aeng | ||
| 082 | _a001.51 JOHS | ||
| 100 |
_aJohn J Donovan _9232369 |
||
| 245 | _aSystem Programming | ||
| 260 |
_aNew Delhi _bTata MC Graw Hill Publishing _c1996 |
||
| 300 | _a488p | ||
| 650 |
_aComputer Education _9232370 |
||
| 999 |
_c239748 _d239748 |
||